Detalles MARC
| 000 -CABECERA |
| campo de control de longitud fija |
01244nam a2200301 a 4500 |
| 001 - NÚMERO DE CONTROL |
| campo de control |
000049087 |
| 003 - IDENTIFICADOR DEL NÚMERO DE CONTROL |
| campo de control |
DO-SdBNP |
| 005 - FECHA Y HORA DE LA ÚLTIMA TRANSACCIÓN |
| campo de control |
20240305094244.0 |
| 007 - CAMPO FIJO DE DESCRIPCIÓN FÍSICA--INFORMACIÓN GENERAL |
| campo de control de longitud fija |
ta |
| 008 - DATOS DE LONGITUD FIJA--INFORMACIÓN GENERAL |
| campo de control de longitud fija |
190718e2018 drao gr 000 0 1pedspa d |
| 020 ## - NÚMERO INTERNACIONAL ESTÁNDAR DEL LIBRO |
| Número Internacional Estándar del Libro |
9789945802146 |
| 040 ## - FUENTE DE LA CATALOGACIÓN |
| Centro catalogador/agencia de origen |
DO-SdBNP |
| Lengua de catalogación |
spa |
| Centro/agencia transcriptor |
BNPHU |
| 082 #4 - NÚMERO DE LA CLASIFICACIÓN DECIMAL DEWEY |
| Número de documento/Ítem |
M385e |
| Número de edición |
22 |
| 100 1# - ENTRADA PRINCIPAL--NOMBRE DE PERSONA |
| Nombre de persona |
Martínez Macarrulla, Lidia de |
| 9 (RLIN) |
76465 |
| 245 10 - MENCIÓN DE TÍTULO |
| Título |
Enriquillo : |
| Resto del título |
guerrillero de América / |
| Mención de responsabilidad, etc. |
Lidia Martínez de Macarrulla; prólogo, Kin Sánchez ; ilustrador, Moisés Alberto Féliz. |
| 260 ## - PUBLICACIÓN, DISTRIBUCIÓN, ETC. |
| Lugar de publicación, distribución, etc. |
Santo Domingo : |
| Nombre del editor, distribuidor, etc. |
[s.n], |
| Fecha de publicación, distribución, etc. |
2018 |
| 300 ## - DESCRIPCIÓN FÍSICA |
| Extensión |
129 p. : |
| Otras características físicas |
il, fotogr.. ; |
| Dimensiones |
23 cm |
| 500 ## - NOTA GENERAL |
| Nota general |
Incluye datos biográficos del autor en la solapa de la cubierta |
| 500 ## - NOTA GENERAL |
| Nota general |
Bibliografía : p. 115-116 |
| 505 ## - NOTA DE CONTENIDO CON FORMATO |
| Nota de contenido con formato |
Prólogo. |
| Título |
Prefacio.-- |
| -- |
Clamor de valentía Bongbé.-- |
| -- |
Enriquillo, Guerrillero de América.-- |
| -- |
Referencias a Enriquillo, cacique del Bahoruco.-- |
| -- |
Bibliografía.-- |
| -- |
Agradecimientos.-- |
| -- |
Imágenes de Boyá. |
| 590 ## - NOTA LOCAL (RLIN) |
| Nota local |
Inventariado, 2019 / BT |
| 600 10 - PUNTO DE ACCESO ADICIONAL DE MATERIA--NOMBRE DE PERSONA |
| Nombre de persona |
Enriquillo, |
| Fechas asociadas al nombre |
1535- |
| Títulos y otros términos asociados al nombre |
cacique, |
| Subdivisión general |
Ficción |
| 9 (RLIN) |
79589 |
| 651 #4 - PUNTO DE ACCESO ADICIONAL DE MATERIA--NOMBRE GEOGRÁFICO |
| 9 (RLIN) |
5916 |
| Nombre geográfico |
República Dominicana |
| Subdivisión de forma |
Ficción |
| Subdivisión general |
Historia |
| 700 1# - PUNTO DE ACCESO ADICIONAL--NOMBRE DE PERSONA |
| Nombre de persona |
Sánchez, Kin, |
| Término indicativo de función/relación |
pról. |
| 9 (RLIN) |
73641 |
| 700 1# - PUNTO DE ACCESO ADICIONAL--NOMBRE DE PERSONA |
| Nombre de persona |
Féliz, Moisés Alberto, |
| Término indicativo de función/relación |
il. |
| 9 (RLIN) |
76466 |
| 910 ## - DATOS DE OPCIÓN DEL USUARIO (OCLC) |
| Datos de opción del usuario |
MFeliz |
| 942 ## - ELEMENTOS DE PUNTO DE ACCESO ADICIONAL (KOHA) |
| Fuente del sistema de clasificación o colocación |
Dewey Decimal Classification |
| Tipo de ítem Koha |
Libro |